黑龙江省小测验-Heilongjiang Province Quiz - Statistics

General Stats
  • This quiz has been taken 31 times
  • The average score is 17 of 21
Answer Stats
提示 答案 % Correct
省会城市 哈尔滨市
100%
拥有的“985”大学 哈尔滨工业大学
100%
相邻的省级行政区 内蒙古自治区
96%
相邻的省级行政区 吉林省
96%
中国最大的油田 {大庆}油田
96%
这个县级市是中国领土最北端 漠河市
93%
这个县级市出产的大米在清朝被奉为贡米 五常市
93%
金朝开国皇帝出生于黑龙江阿城,他的名字是 完颜阿骨打
82%
东亚最大的淡水湖 兴凯湖
79%
这个城市在达斡尔语中的意思是“天然牧场” 齐齐哈尔
75%
这种食品由俄国人传入黑龙江, 以猪肉、淀粉、大蒜等为原料 红肠
75%
这位近代作家出生于黑龙江呼兰,代表作是《呼兰河传》 萧红
75%
这个岛屿是中国领土最东端 黑瞎子岛
71%
这个县级市因其境内的火山堰塞湖而得名 五大连池市
71%
中国与欧洲国家缔结的第一份国际条约 {尼布楚}条约
71%
黑龙江最年轻的地级市 绥化市
68%
苏联曾经占领这个岛屿并引发武装冲突 珍宝岛
68%
这座旧镇是清代的流放地 宁古塔
64%
这位运动员出生于黑龙江七台河, 她是中国短道速滑第一个三冠王 王濛
64%
这个少数民族是黑龙江省的独有民族 赫哲族
61%
黑龙江最大的陆路口岸 {绥芬河}口岸
57%
No matching quizzes found
Score Distribution
Percent of People with Each Score
Percentile by Number Answered
Your Score History
You have not taken this quiz